000 00853cam a2200289Ia 4500
999 _c10414
_d10414
001 19702432
003 OCoLC
005 20210223165215.0
008 890512s1984 oru 000 0 eng d
010 _a84081212
020 _a0890814341
020 _a9780890814345
035 _a(OCoLC)19702432
040 _aMSB
_cMSB
_dKMA
_dOCL
_dBAKER
050 _bM214D
082 _bM214D
092 _a248.24
_bM214D
100 1 _aMaharaj, Rabindranath R
245 1 4 _aThe death of a guru /
_cRabi R. Maharaj with Dave Hunt
260 _aEugene, Or. :
_bHarvest House Publishers,
_cc1984
300 _a208 p. ;
_c21 cm
500 _aFormerly published by Harvest House under the title Escape into the light
600 1 0 _aMaharaj, Rabindranath R
650 0 _aChristian converts from Hinduism
_vBiography
700 1 _aHunt, Dave
942 _2ddc
_cBK